000 01000cam a2200253 4500
008 040112n2003 000 0 eng u
020 _a0255365500
035 _a(Sirsi) u124826
041 _aeng
050 _a711.1
_c18
100 _aCorkindale, John
245 4 _aThe land use planning system
_bevaluating options for reform
260 _aLondon
_bInstitute of Economic Affairs
_c2003
300 _a113p.
_c20cm.
350 _a10
490 _aIEA Hobart Paper
520 _aExamines the economics of land use planning in the UK in light of government's proposals for reform. Covers: the British land use planning system; sustainable development and economic optimisation; the normative theory of property; market-based instruments; and policy implications. References.
650 _aLAND USE PLANNING
650 _aPLANNING REFORM
650 _aPLANNING SYSTEM
650 _aECONOMIC THEORY
690 _aENVIRONMENTAL AND LAND CONSULTANCY-PLANNING AND DEVELOPMENT
942 _n0
999 _c103286
_d103286